|
|
|
|
| LEADER |
00000cac a2200000 a 4500 |
| 001 |
56163 |
| 003 |
Ucuenca |
| 005 |
20230308211017.0 |
| 008 |
971031|1968 sp||||||||r|||||||||||spa|| |
| 040 |
|
|
|b spa
|
| 041 |
0 |
|
|a spa
|
| 082 |
0 |
|
|a 863.6
|
| 100 |
1 |
|
|a García González de Nora, Eugenio
|d 1923-
|9 240508
|
| 245 |
|
3 |
|a La novela española contemporánea 1927-1939
|c Eugenio G. de Nora
|h imp
|n tomo 2
|
| 250 |
|
|
|a 2a ed.
|
| 264 |
|
|
|a Madrid
|b Gredos
|c 1968
|
| 300 |
|
|
|a 538 páginas:
|c 20 cm
|
| 490 |
|
|
|a Biblioteca Románica Hispánica
|n no. 41
|p Estudios y Ensayos
|v II
|
| 504 |
|
|
|a incl. ref.
|
| 650 |
|
0 |
|a Ficción
|9 30999
|
| 852 |
|
|
|a UC-CDJBV
|f Compra
|l 1
|m General
|p 19710316
|q 113,00
|r 2
|t 56163
|b 0
|d CDRC
|e CDRC
|g 400 ESTANTERIA CERRADA
|z 1971-10-31
|
| 942 |
|
|
|c CR
|2 ddc
|z lourdes.naula@ucuenca.edu.ec
|
| 999 |
|
|
|c 117317
|d 117317
|